| 000 | 00749nac a22002291u 4500 | ||
|---|---|---|---|
| 010 | _a 85000857 | ||
| 020 | _a0753700271 | ||
| 082 | 0 | 0 |
_a636.1 _bDOS |
| 090 |
_c9561 _d9561 |
||
| 100 | _aDossenbach, Monique. | ||
| 245 | 1 | 4 |
_aThe noble horse / _cMonique and Hans D. Dossenbach ; foreword by H.R.H. the Duke of Edinburgh. |
| 250 | _aRevised ed. english language | ||
| 260 |
_aLondon : _bChancellor press,1998 _cc1998 |
||
| 300 |
_a304 p. : _bill. (some col.) ; _c36 cm. |
||
| 500 | _aTranslation of: KoÌ(nig Pferd. | ||
| 500 | _aIncludes index. | ||
| 511 | _acatalogued by: wessam | ||
| 650 | 0 | _aHorses. | |
| 650 | 0 | _aHorse sports. | |
| 700 | 1 |
_aDossenbach, Hans D., _d1936- |
|
| 942 |
_cNB _k636.1DOS |
||
| 999 |
_c9561 _d9561 |
||